Reprezentacje, z którymi grała reprezentacja Polski w 2023 roku. - Statystyki

Ogólne statystyki
  • Ten quiz został rozwiązany 72 razy
  • Średni wynik to 7 z 8
Statystyki odpowiedzi
Data Wynik Reprezentacja % Poprawnych
24.03 1-3 Czechy
98%
20.06 2-3 Mołdawia
95%
27.03 1-0 Albania
94%
07.09 2-0 Wyspy Owcze
92%
10.09 0-2 Albania
86%
17.11 1-1 Czechy
86%
15.10 1-1 Mołdawia
86%
12.10 2-0 Wyspy Owcze
84%
Nie znaleziono quizów pasujących do podanych kryteriów
Rozkład punktacji
Procent ludzi z każdym wynikiem
Percentyl według liczby udzielonych odpowiedzi
Twoja historia wyników
Nie rozwiązałeś tego quizu